[Event "ESP-ch U10"]
[Site "Granada"]
[Date "2016.07.02"]
[Round "9"]
[White "Arregui Gonzalez, Niobe"]
[Black "Portero Bravo, Aitana"]
[Result "0-1"]
[WhiteElo "1045"]
[BlackElo "1251"]
[PlyCount "180"]
[EventDate "2016.06.27"]
[EventType "swiss"]
[EventRounds "9"]
[EventCountry "ESP"]
[SourceTitle "EXT 2024"]
[Source "ChessBase"]
[SourceDate "2023.10.10"]
[SourceVersion "1"]
[SourceVersionDate "2023.10.10"]
[SourceQuality "1"]

1. d4 c5 2. c3 Qa5 3. Bd2 Qb6 4. Qb3 g6 5. Qxb6 axb6 6. e3 Bg7 7. Bc4 Nf6 8. Na3 0-0 9. Ne2 Ne4 10. f3 Nxd2 11. Kxd2 d6 12. Nf4 e6 13. g4 Nc6 14. h4 cxd4 15. cxd4 e5 16. dxe5 dxe5 17. Nd5 Be6 18. Nxb6 Rad8+ 19. Ke2 e4 20. Bxe6 exf3+ 21. Kxf3 fxe6+ 22. Ke2 Bxb2 23. Nac4 Bxa1 24. Rxa1 Rf7 25. a4 Nb4 26. Ne5 Rc7 27. Nbc4 Nc6 28. Nxc6 Rxc6 29. Na5 Rc7 30. Rb1 Rdd7 31. Nb3 Rc4 32. a5 Rb4 33. h5 g5 34. h6 Kh8 35. Rf1 Kg8 36. Nd4 Rb2+ 37. Kd3 e5 38. Kc3 Ra2 39. Ne6 Rf7 40. Rd1 Re7 41. Nxg5 Kf8 42. Rd8+ Re8 43. Nxh7+ Ke7 44. Rxe8+ Kxe8 45. Nf6+ Kf7 46. g5 Rxa5 47. h7 Kg7 48. g6 Ra6 49. Ne8+ Kh8 50. Kc4 Rxg6 51. Kd5 Rg5 52. Nf6 Kg7 53. e4 b6 54. Kc6 Rg6 55. Kxb6 Rxf6+ 56. Kc5 Rh6 57. Kd5 Rh5 58. h8Q+ Kxh8 59. Kd6 Kg7 60. Ke6 Kf8 61. Kd6 Ke8 62. Ke6 Kd8 63. Kd6 Kc8 64. Kc6 Kb8 65. Kd6 Kb7 66. Kc5 Ka6 67. Kc6 Ka5 68. Kc5 Ka4 69. Kc4 Ka3 70. Kc3 Ka2 71. Kc2 Rh3 72. Kd2 Ka3 73. Ke2 Kb4 74. Kd2 Kc4 75. Ke2 Kd4 76. Kf2 Kxe4 77. Kg2 Ra3 78. Kf2 Rb3 79. Kg2 Kf4 80. Kh2 Kg4 81. Kg2 Rb2+ 82. Kf1 Kg3 83. Ke1 Kf3 84. Kd1 Ke3 85. Kc1 Rg2 86. Kd1 Rh2 87. Kc1 Kd3 88. Kb1 Kc3 89. Ka1 Kb3 90. Kb1 Rh1# 0-1

[Event "ESP-ch U10"]
[Site "Granada"]
[Date "2016.07.01"]
[Round "7"]
[White "Arregui Gonzalez, Niobe"]
[Black "Trave de Gonzalo, Guiem"]
[Result "0-1"]
[WhiteElo "1045"]
[BlackElo "1353"]
[PlyCount "90"]
[EventDate "2016.06.27"]
[EventType "swiss"]
[EventRounds "9"]
[EventCountry "ESP"]
[SourceTitle "EXT 2024"]
[Source "ChessBase"]
[SourceDate "2023.10.10"]
[SourceVersion "1"]
[SourceVersionDate "2023.10.10"]
[SourceQuality "1"]

1. d4 d5 2. Nf3 Nf6 3. Bf4 c5 4. c4 Nc6 5. h3 Qb6 6. Qb3 dxc4 7. Qxb6 axb6 8. e3 cxd4 9. exd4 e6 10. Bxc4 Bb4+ 11. Ke2 0-0 12. g4 Rd8 13. Bc7 Rd7 14. Bxb6 Ba5 15. Bc5 b6 16. Ba3 Bb7 17. Rd1 Nb4 18. Bxb4 Bxb4 19. a3 Be7 20. Nc3 Rad8 21. Ne5 Rxd4 22. Rxd4 Rxd4 23. Ba2 Ba6+ 24. Kf3 Bd6 25. Nc6 Bb7 26. Rc1 Bxc6+ 27. Ke2 g6 28. b4 Be5 29. b5 Bf3+ 30. Kxf3 Rd3+ 31. Kg2 Rxc3 32. Rd1 Rxa3 33. Rd8+ Kg7 34. Bc4 Ra4 35. Bf1 Bd4 36. g5 Ne4 37. f4 Bc5 38. Rc8 Ng3 39. Kxg3 Bf2+ 40. Kf3 Be3 41. Kxe3 Re4+ 42. Kd3 Rd4+ 43. Ke3 Rd8 44. Ke4 Kf8 45. Kf3 e5 0-1